00405nam a2200145Ia 4500008004100000041000900041082001500050100001100065245001800076260004000094300000800134650000800142999001700150952009200167230718s9999 xx 000 0 und d aEng. a657bKAP-P aKaplan 0aP. L.D (2012) aPakistanbKaplan furtisthing c2007 a384 aLaw c27178d27178 00104070aSIRC-LbSIRC-Ld2023-07-18l0o657 KAP-Pp22130r2023-07-18w2023-07-18yBK